Rajamohanana hendati (Record no. 78550)

MARC details
000 -LEADER
fixed length control field 00731nam a2200229Ia 4500
003 - CONTROL NUMBER IDENTIFIER
control field OSt
005 - DATE AND TIME OF LATEST TRANSACTION
control field 20250818153624.0
008 - FIXED-LENGTH DATA ELEMENTS--GENERAL INFORMATION
fixed length control field 210210b1967 xxu||||| |||| 00| 0 eng d
040 ## - CATALOGING SOURCE
Transcribing agency AL
041 ## - LANGUAGE CODE
Language code of text/sound track or separate title kan
082 ## - DEWEY DECIMAL CLASSIFICATION NUMBER
Classification number K894.3 BANR
100 ## - MAIN ENTRY--PERSONAL NAME
Personal name BANKIMCHANDRA CHATARJI:
Dates associated with a name ಬಂಕಿಮಚಂದ್ರ ಚಟರ್ಜಿ
9 (RLIN) 176380
245 ## - TITLE STATEMENT
Title Rajamohanana hendati
Remainder of title ರಾಜಮೋಹನನ ಹೆಂಡತಿ
260 ## - PUBLICATION, DISTRIBUTION, ETC.
Place of publication, distribution, etc. Bengaluru
Name of publisher, distributor, etc. Sharada Prakatanalaya
Date of publication, distribution, etc. 1967
300 ## - PHYSICAL DESCRIPTION
Extent iv,161
650 ## - SUBJECT ADDED ENTRY--TOPICAL TERM
Topical term or geographic name entry element Rajmohan's Wife
9 (RLIN) 176381
650 ## - SUBJECT ADDED ENTRY--TOPICAL TERM
Topical term or geographic name entry element Bankimchandra Chattopadhyay
9 (RLIN) 236220
690 ## - LOCAL SUBJECT ADDED ENTRY--TOPICAL TERM (OCLC, RLIN)
Topical term or geographic name as entry element Kannada Fiction
9 (RLIN) 176382
700 ## - ADDED ENTRY--PERSONAL NAME
Personal name Pushpadevi
Dates associated with a name ಪುಷ್ಪಾದೇವಿ tr
9 (RLIN) 236219
906 ## - LOCAL DATA ELEMENT F, LDF (RLIN)
a 027257
942 ## - ADDED ENTRY ELEMENTS (KOHA)
Source of classification or shelving scheme Dewey Decimal Classification
Koha item type Book
Holdings
Withdrawn status Lost status Source of classification or shelving scheme Damaged status Not for loan Collection code Home library Current library Shelving location Date acquired Cost, normal purchase price Total Checkouts Full call number Barcode Date last seen Price effective from Koha item type
    Dewey Decimal Classification     Kannada St Aloysius Library St Aloysius Library   02/17/2021 2.50   K894.3 BANR 027257 02/17/2021 02/17/2021 Book